| 000 | 00506nam a2200193Ia 4500 | ||
|---|---|---|---|
| 003 | OSt | ||
| 005 | 20260109095639.0 | ||
| 008 | 008 250505s9999 xx 000 0 hin d | ||
| 037 | _aTextbook | ||
| 040 |
_aFEDL _beng _cFEDL |
||
| 041 |
_ahin _2eng |
||
| 084 |
_a370, GIJ/R _qFEDL |
||
| 100 |
_aGijubhai Badheka _9758586 |
||
| 245 | 0 | _aDivasvapana | |
| 260 |
_aNew Delhi, India _bPrakashan Sansthan _c2002 |
||
| 300 | _a87p | ||
| 942 |
_cTB _h370, GIJ/R _2ddc _n0 |
||
| 999 |
_c1385691 _d1385691 |
||